[Event "Wch U12 Girls rapid"]
[Site "Batumi"]
[Date "2023.06.06"]
[Round "3"]
[White "Ashotia, Barbare"]
[Black "Meshkova, Aleksandra"]
[Result "1-0"]
[WhiteElo "1426"]
[BlackElo "1191"]
[PlyCount "107"]
[EventDate "2023.06.06"]
[EventType "swiss (rapid)"]
[EventRounds "11"]
[EventCountry "GEO"]
[SourceTitle "EXT 2024"]
[Source "ChessBase"]
[SourceDate "2023.10.10"]
[SourceVersion "1"]
[SourceVersionDate "2023.10.10"]
[SourceQuality "1"]
[WhiteTeam "Georgia"]
[BlackTeam "Poland"]
[WhiteTeamCountry "GEO"]
[BlackTeamCountry "POL"]

1. e4 e5 2. Nf3 Nf6 3. Nxe5 d6 4. Nf3 Nxe4 5. Nc3 Nf6 6. d4 Be7 7. Bd3 Bg4 8. h3 Bh5 9. Be3 Nc6 10. g4 Bg6 11. Qd2 Bxd3 12. Qxd3 d5 13. 0-0-0 0-0 14. Ne5 Nb4 15. Qd2 Ne4 16. Nxe4 dxe4 17. Kb1 b5 18. d5 f6 19. Nc6 Nxc6 20. dxc6 a6 21. Bf4 Rc8 22. Qe3 Bd6 23. Qxe4 Qe7 24. Qd5+ Kh8 25. Bxd6 cxd6 26. Qxd6 Qxd6 27. Rxd6 Rc7 28. Rhd1 h6 29. R1d5 Re8 30. Kc1 Re2 31. Rf5 Re1+ 32. Kd2 Rh1 33. Rf3 Ra1 34. a3 Rb1 35. Kc3 Re1 36. Re3 Rf1 37. Rf3 Re1 38. Kb4 Re5 39. Ka5 Rc5 40. Kb6 Rxc2 41. Kxc7 Kh7 42. Kb7 a5 43. Rc3 Re2 44. c7 Re8 45. Rd8 Rxd8 46. cxd8Q b4 47. Qd3+ Kg8 48. Rc8+ Kf7 49. h4 bxa3 50. bxa3 a4 51. h5 f5 52. Qxf5+ Ke7 53. Rc7+ Ke8 54. Qc8# 1-0

[Event "Wch U12 Girls"]
[Site "Batumi"]
[Date "2022.09.26"]
[Round "10"]
[White "Kiss, Inez"]
[Black "Ashotia, Barbare"]
[Result "0-1"]
[WhiteElo "1544"]
[BlackElo "1242"]
[PlyCount "60"]
[EventDate "2022.09.16"]
[EventType "swiss"]
[EventRounds "11"]
[EventCountry "GEO"]
[SourceTitle "EXT 2023"]
[Source "ChessBase"]
[SourceDate "2022.10.05"]
[SourceVersion "1"]
[SourceVersionDate "2022.10.05"]
[SourceQuality "1"]

1. e4 c5 2. Nf3 Nc6 3. d4 cxd4 4. Nxd4 Nf6 5. Nc3 e5 6. Ndb5 d6 7. Bg5 a6 8. Na3 b5 9. Nd5 Be7 10. Bxf6 Bxf6 11. c4 b4 12. Nc2 a5 13. g3 Bg5 14. Bg2 0-0 15. 0-0 Rb8 16. b3 Ne7 17. h4 Bh6 18. Nxe7+ Qxe7 19. Qd5 Qc7 20. Rad1 Rd8 21. c5 Be6 22. Qd3 dxc5 23. Qf3 c4 24. bxc4 Bxc4 25. Rxd8+ Rxd8 26. Ra1 Rd2 27. Ne3 Be2 28. Qf5 g6 29. Qf6 Bg7 30. Qg5 h6 0-1

[Event "EU-ch U08 Girls"]
[Site "Bratislava"]
[Date "2019.08.10"]
[Round "9"]
[White "Ashotia, Barbare"]
[Black "Bashirli, Saadat"]
[Result "0-1"]
[WhiteElo "1105"]
[BlackElo "1292"]
[PlyCount "90"]
[EventDate "2019.08.02"]
[EventType "swiss"]
[EventRounds "9"]
[EventCountry "SVK"]
[SourceTitle "EXT 2020"]
[Source "ChessBase"]
[SourceDate "2019.10.17"]
[SourceVersion "1"]
[SourceVersionDate "2019.10.17"]
[SourceQuality "1"]

1. e4 c5 2. Nf3 g6 3. d4 cxd4 4. Nxd4 Nc6 5. c4 Nf6 6. Nc3 d6 7. Be2 Nxd4 8. Qxd4 Bg7 9. 0-0 0-0 10. Be3 Ng4 11. Qd2 Nxe3 12. Qxe3 a5 13. Rad1 a4 14. f4 Qa5 15. Nd5 Re8 16. Nc3 a3 17. Rd5 Qd8 18. b4 Be6 19. Rdd1 Qc8 20. Nd5 Bxd5 21. Rxd5 Qb8 22. f5 Qa7 23. c5 dxc5 24. bxc5 Red8 25. Rxd8+ Rxd8 26. Rd1 Rc8 27. fxg6 hxg6 28. Rc1 Qa4 29. Rc4 Qa5 30. Bf3 Qb5 31. Rc1 Qb2 32. Kf1 Bd4 33. Qe1 Qxa2 34. Be2 Qe6 35. Bc4 Qf6+ 36. Ke2 Rxc5 37. Kd3 Qd6 38. Ke2 Qc6 39. Kd3 Qd7 40. Ke2 b5 41. Ba2 Qg4+ 42. Kf1 Qf4+ 43. Ke2 Rxc1 44. Bxf7+ Kxf7 45. Qd2 Qf1# 0-1

[Event "EU-ch U08 Girls"]
[Site "Bratislava"]
[Date "2019.08.09"]
[Round "8"]
[White "Asachenko, Ksenia"]
[Black "Ashotia, Barbare"]
[Result "0-1"]
[WhiteElo "1169"]
[BlackElo "1105"]
[PlyCount "130"]
[EventDate "2019.08.02"]
[EventType "swiss"]
[EventRounds "9"]
[EventCountry "SVK"]
[SourceTitle "EXT 2020"]
[Source "ChessBase"]
[SourceDate "2019.10.17"]
[SourceVersion "1"]
[SourceVersionDate "2019.10.17"]
[SourceQuality "1"]

1. e4 e5 2. Nf3 Nc6 3. Bb5 Nge7 4. 0-0 g6 5. d3 Bg7 6. Bg5 d6 7. Nc3 0-0 8. Nd5 f6 9. Bc4 Kh8 10. Be3 Na5 11. Nxe7 Qxe7 12. Bb3 Nxb3 13. axb3 f5 14. exf5 Bxf5 15. Re1 d5 16. Bd4 Bg4 17. Kh1 Qd6 18. Be3 Qf6 19. Kg1 e4 20. Bd4 Qxd4 21. Nxd4 Bxd1 22. Ne6 Bxb2 23. Raxd1 Rf6 24. Nxc7 Raf8 25. Rf1 Bd4 26. Nxd5 Rxf2 27. Rxf2 Rxf2 28. Kh1 e3 29. Nxe3 Bxe3 30. c4 Rd2 31. Rxd2 Bxd2 32. Kg1 Kg7 33. Kf2 Bf4 34. h3 Kf6 35. g3 Be5 36. g4 h5 37. gxh5 gxh5 38. Kf3 Kf5 39. b4 b6 40. b5 Bd4 41. Kg3 Bc5 42. Kf3 h4 43. Kg2 Kf4 44. Kh2 Ke3 45. Kg2 Kxd3 46. Kf3 Kxc4 47. Kg4 Be7 48. Kf5 Kxb5 49. Ke6 Bd8 50. Kd7 Bg5 51. Ke6 a5 52. Kf5 Bd8 53. Ke6 a4 54. Kd7 a3 55. Kxd8 a2 56. Kd7 a1Q 57. Ke6 Qd4 58. Kf5 Kc5 59. Ke6 b5 60. Kf5 b4 61. Kg5 b3 62. Kf5 b2 63. Kg5 b1Q 64. Kh6 Qf6+ 65. Kh5 Qbf5# 0-1